1773 1701 1695 1596 1830 1431 1142 1679 1233 1399 1398 1546 1354 1042 1795 1386 1073 1173 1251 1339 1045 1442 1004 1336 1788 1529 1200 1097 1833 1401 1629 1194 1875 1469 1137 1207 1579 1370 1770 1822 1442 1743 1425 1196 1981 1886 1385 1311 1448 1386 1589 1769 1242 1751 1845 1570 1924 1930 1152 1607 1724 1741 1574 1369 1833 1608 1348 1588 1515 1603 1912 1647 1484 1185 1702 1769 1285 1534 1562 1881 1659 1815 1865 1598 1742 1739 1373 1490 1962 1494 1467 1088 1772 1611 1526 1728 1981 1191 1945 BCNSPRNW ULIB Ver.6.0+V

เปลี่ยนเป็นภาษาไทย

Change to English
 แสดงรายละเอียดบรรณานุกรม
  กลับหน้าหลัก

Brief Record : Get Marc (ISO 2709) : E-mail record : QR code < ปิดหน้าต่าง
LEADER : 00000nam 2200000uu 4500
001    13399109239
003     ULIB
008    110324s2543||||th 000 0 tha d
020    9742990549
060 04 WA540.JT3^bว549ป 2543
100 0  จิรุตม์ ศรีรัตนบัลล์
245 10 ประสิทธิภาพในระบบสุขภาพ /^cจิรุตม์ ศรีรัตนบัลล์
260    นนทบุรี :^bสถาบันวิจัยระบบสาธารณสุข,^c2543
300    (6), 80 หน้า ;^c26 ซม.
490 0  ชุดสุขภาพคนไทยปี พ.ศ. 2543
500 ใช ้เป็นเอกสารประกอบการประชุมวิชาการสถาบันวิจัยระบบสาธารณสุข ครั้งที่ 3 ภูมิปัญญาประชาคมสู่สุขภาพประชาชาติไทย. ระหว่างวันที่ 15-17 สิงหาคม 2543 ณ ศูนย์นิทรรศการและการประชุมไบเทค กรุงเทพมหานคร
650  7 การบริหารสาธารณสุข
710 2  สถาบันวิจัยระบบสาธารณสุข
711 2  การประชุมวิชาการสถาบันวิจัยระบบสาธารณสุขเรื่องภูมิปัญญาประชาคมสู่สุขภาพประชาชาติไทย^n(ครั้งที่ 3 :^d2543:^cกรุงเทพมหานคร)
945    ^p0^l0^i013030
995    ทศพร
999 ^a ใช้งานได้ทุกระบบ
รายการนี้ยังไม่มีแท็ก
คุณยังไม่ได้ล็อกอิน คุณสามารถมีกิจกรรมร่วมกับเว็บไซต์ได้ แต่ต้องล็อกอินก่อน ::
  ล็อกอิน

รายการสื่อสารสนเทศ

ลำดับที่ ประเภท เลขเรียก/บาร์โค้ด สถานที่ สถานะ
- ไม่พบข้อมูล -

รายการใกล้เคียง
    ผู้แต่ง [จิรุตม์ ศรีรัตนบัลล์]

    หัวเรื่อง [การบริหารสาธารณสุข]

BibComment


ยังไม่เคยถูกคอมเมนท์

คอมเมนท์ทรัพยากรรายการนี้
  คอมเมนท์: ประสิทธิภาพในระบบ..


 Copyright 2026. Bcnsprnw @Library